000 00412nam a2200181Ia 4500
001 9620
005 20260306161731.0
008 260306t2004||||xx |||||||||||||| ||spa||
041 _aESP
082 _a382.71
_bT852
100 _aFairlie, Alan (ed.)
_eAUT
245 0 _aEl TLC en debate
260 _c2004
300 _a320 páginas :
_c21 cm.
650 _aGEN
654 _aCAN
942 _cLIB
_dJUS
_fJUS
_2ddc
_n
999 _c9620
_d9620